| 000 | 00567nam a2200145Ia 4500 | ||
|---|---|---|---|
| 008 | 140724s9999 xx 000 0 und d | ||
| 050 |
_aHF 5549 _b.M266 2011 |
||
| 100 | _aManansala, Paul Meebert G. | ||
| 245 |
_aPerformance evaluation of outsource aides and maintenance staff of Southville International School and Colleges / _cPaul Meebert G. Manansala. |
||
| 260 |
_aLas PiƱas, Philippines : _bSouthville International School and Colleges, _cc2011. |
||
| 300 |
_a54 p. : _bill. ; _c28 cm. |
||
| 521 | _aHuman Resource Management | ||
| 942 | _cTH | ||
| 999 |
_c228701 _d228701 |
||